Sports Quiz

Random Sports or Auto Racing Quiz

Formula 1 Driving Leaders (1970s) Quiz Stats

Quiz Updated Sep 16, 2015

Challenge
Share
Tweet
Embed
Score 0/100 Timer 10:00
18 Plays Today
Year Driver % Correct
1974Niki Lauda
90.6%
1975Niki Lauda
90.6%
1976Niki Lauda
90.6%
1977Niki Lauda
90.6%
1978Niki Lauda
90.6%
1975James Hunt
87.6%
1976James Hunt
87.6%
1977James Hunt
87.6%
1974James Hunt
87.6%
1973James Hunt
87.6%
1971Jackie Stewart
85.6%
1972Jackie Stewart
85.6%
1973Jackie Stewart
85.6%
1977Mario Andretti
81.3%
1978Mario Andretti
81.3%
1976Mario Andretti
81.3%
1971Mario Andretti
81.3%
1972Emerson Fittipaldi
80.6%
1973Emerson Fittipaldi
80.6%
1974Emerson Fittipaldi
80.6%
1975Emerson Fittipaldi
80.6%
1971Emerson Fittipaldi
80.6%
1978Emerson Fittipaldi
80.6%
1970Emerson Fittipaldi
80.6%
1970Jackie Stewart
79.7%
1970Jochen Rindt
72.8%
1974Jody Scheckter
72%
1976Jody Scheckter
72%
1977Jody Scheckter
72%
1979Jody Scheckter
72%
1978Jody Scheckter
72%
1979Alan Jones
71.9%
1977Alan Jones
71.9%
1975Jody Scheckter
71.8%
Year Driver % Correct
1979Gilles Villeneuve
68%
1978Gilles Villeneuve
68%
1970Jack Brabham
64.7%
1971Ronnie Peterson
63.3%
1973Ronnie Peterson
63.3%
1974Ronnie Peterson
63.3%
1978Ronnie Peterson
63.3%
1972Ronnie Peterson
63.3%
1970Clay Regazzoni
60.3%
1974Clay Regazzoni
60.3%
1975Clay Regazzoni
60.3%
1976Clay Regazzoni
60.3%
1979Clay Regazzoni
60.3%
1972Clay Regazzoni
60.3%
1971Clay Regazzoni
60.3%
1970Jacky Ickx
60.2%
1971Jacky Ickx
60.2%
1972Jacky Ickx
60.2%
1974Jacky Ickx
60.2%
1973Jacky Ickx
60.2%
1975Carlos Reutemann
56.2%
1977Carlos Reutemann
56.2%
1978Carlos Reutemann
56.2%
1974Carlos Reutemann
56.2%
1973Carlos Reutemann
56.2%
1970Denny Hulme
53.4%
1972Denny Hulme
53.4%
1974Denny Hulme
53.4%
1973Denny Hulme
53.4%
1971Francois Cevert
52.2%
1973Francois Cevert
52.2%
1972Francois Cevert
52.2%
1979Carlos Reutemann
51%
1979Rene Arnoux
50.3%
Year Driver % Correct
1978John Watson
49.2%
1976John Watson
49.2%
1979John Watson
49.2%
1979Didier Pironi
46.6%
1979Patrick Depailler
44.9%
1979Jacques Laffite
44.6%
1978Jacques Laffite
44.6%
1976Jacques Laffite
44.6%
1977Jacques Laffite
44.6%
1976Jochen Mass
43.7%
1977Jochen Mass
43.7%
1975Jochen Mass
43.7%
1977Patrick Depailler
39.7%
1976Patrick Depailler
39.7%
1978Patrick Depailler
39.7%
1975Patrick Depailler
39.7%
1974Patrick Depailler
39.7%
1972Peter Revson
34.1%
1973Peter Revson
34.1%
1975Carlos Pace
33.9%
1970Chris Amon
31.9%
1972Chris Amon
31.9%
1970Pedro Rodriguez
29.6%
1971Pedro Rodriguez
29.6%
1973Jean-Pierre Beltoise
29.5%
1970Jean-Pierre Beltoise
29.5%
1975Tom Pryce
29.1%
1971Jo Siffert
28.9%
1977Gunnar Nilsson
28.7%
1976Gunnar Nilsson
28.7%
1971Peter Gethin
23.7%
1972Mike Hailwood
20.6%

You're not logged in!

Compare scores with friends on all Sporcle quizzes.
Sign Up with Email
OR
Log In

You Might Also Like...

Show Comments

Extras

Top Quizzes Today


Score Distribution

Your Account Isn't Verified!

In order to create a playlist on Sporcle, you need to verify the email address you used during registration. Go to your Sporcle Settings to finish the process.